000 00348nam a22001571a 4500
020 _a9780714834030
082 _a759.947
_bPOL/C
100 _aPolonsky Gill
245 _aChagall/
_cby Polonsky Gill
260 _aLondon:
_bPhaidon,
_c1998.
300 _a128p.
650 _aPainting European
650 _aPainting
650 _aArt
942 _cBK
999 _c6886
_d6886